| 000 | 01370pam a2200361 a 4500 | ||
|---|---|---|---|
| 008 | 970515s1997 nyu 000 1 eng | ||
| 010 | _a 97021427 | ||
| 020 | _a0345419162 | ||
| 035 | _a06833C6D06EB4231ABF290C54D8926F4 | ||
| 040 |
_aDLC _cDLC _dICrlF |
||
| 043 | _an-us-ut | ||
| 050 | 0 | 0 |
_aPS3558.E454 _bR47 1997 |
| 082 | 0 | 0 |
_a813/.54 _221 |
| 100 | 1 |
_aHeimerdinger, Chris. _975719 |
|
| 245 | 1 | 2 |
_aA return to Christmas / _cChris Heimerdinger. |
| 250 | _aBallantine Books ed. | ||
| 260 |
_aNew York : _bBallantine Books, _c1997. |
||
| 300 |
_a198 p. ; _c19 cm. |
||
| 520 | _aArtemus Holiday, an eleven-year-old whose twin brother drowned in a tragic accident at the age of three, encounters a homeless boy who looks very much like him while birthday shopping at the mall and sets off a remarkable chain of Christmas miracles. | ||
| 521 | 2 |
_aYoung Adult _bFollett Library Resources |
|
| 650 | 0 |
_aTwins _vFiction. _95674236 |
|
| 650 | 0 |
_aFamily _zUtah _vFiction. _96519907 |
|
| 650 | 0 |
_aChristmas stories, American. _96285525 |
|
| 650 | 7 |
_aTwins _vFiction. _2sears _95674236 |
|
| 650 | 7 |
_aFamily life _vFiction. _2sears _95674038 |
|
| 650 | 7 |
_aChristmas _vFiction. _2sears _95675145 |
|
| 651 | 7 |
_aUtah _vFiction. _2sears _95675539 |
|
| 035 | _a06833C6D06EB4231ABF290C54D8926F4 | ||
| 005 | 20241220142812.0 | ||
| 001 | 30210 | ||
| 003 | DCL | ||
| 942 |
_cUNKNOWN _038 |
||
| 999 |
_c133258 _d133258 |
||